[Event "Florianopolis op 6th"]
[Site "Florianopolis"]
[Date "2020.01.23"]
[Round "6"]
[White "De Lima, Lucas Taveira"]
[Black "Santos, Dwlyan da Silva"]
[Result "1/2-1/2"]
[WhiteElo "1341"]
[BlackElo "1793"]
[PlyCount "56"]
[EventDate "2020.01.20"]
[EventType "swiss"]
[EventRounds "10"]
[EventCountry "BRA"]
[SourceTitle "CBM 194 Extra"]
[Source "ChessBase"]
[SourceDate "2020.03.31"]
[SourceVersion "1"]
[SourceVersionDate "2020.03.31"]
[SourceQuality "1"]

1. e4 c5 2. Nf3 e6 3. d4 cxd4 4. Nxd4 a6 5. Nc3 Qc7 6. Be2 Nf6 7. f3 b5 8. a3 Bb7 9. Be3 Be7 10. Qd2 0-0 11. 0-0 d6 12. Rfd1 Nbd7 13. Nb3 Rfd8 14. Qe1 Ne5 15. Qg3 Ng6 16. Rd2 Rac8 17. Qf2 Re8 18. Bb6 Qb8 19. Rad1 Nf4 20. Bf1 d5 21. exd5 N6xd5 22. Nxd5 Nxd5 23. Bd4 Bf6 24. Bxf6 Nxf6 25. Nc5 Qc7 26. b4 Nd5 27. c4 bxc4 28. Bxc4 a5 1/2-1/2

[Event "Florianopolis op 6th"]
[Site "Florianopolis"]
[Date "2020.01.21"]
[Round "2"]
[White "Lemos, Dawton Almino"]
[Black "Santos, Dwlyan da Silva"]
[Result "1/2-1/2"]
[WhiteElo "2179"]
[BlackElo "1793"]
[PlyCount "76"]
[EventDate "2020.01.20"]
[EventType "swiss"]
[EventRounds "10"]
[EventCountry "BRA"]
[SourceTitle "CBM 194 Extra"]
[Source "ChessBase"]
[SourceDate "2020.03.31"]
[SourceVersion "1"]
[SourceVersionDate "2020.03.31"]
[SourceQuality "1"]

1. d4 Nf6 2. c4 e6 3. Nf3 d5 4. g3 Be7 5. Bg2 0-0 6. 0-0 a6 7. Qc2 dxc4 8. Qxc4 b5 9. Qc2 Bb7 10. Bd2 Be4 11. Qc1 Nbd7 12. Ba5 Rc8 13. Nbd2 Ba8 14. Qc2 Nb6 15. b4 Bxf3 16. Nxf3 Nc4 17. a4 Nd5 18. axb5 axb5 19. Qb3 Qd6 20. Rfb1 f5 21. e3 Ra8 22. Bf1 Nxa5 23. bxa5 c6 24. Ne5 Ra6 25. Nd3 Qc7 26. Rc1 Rfa8 27. Bg2 Bd6 28. Nc5 Bxc5 29. Rxc5 Qb7 30. Rac1 h6 31. e4 fxe4 32. Bxe4 Rc8 33. Qf3 Qf7 34. Qxf7+ Kxf7 35. Bxd5 exd5 36. Rxd5 cxd5 37. Rxc8 Rxa5 38. Rc7+ Kf6 1/2-1/2

[Event "Florianopolis op 6th"]
[Site "Florianopolis"]
[Date "2020.01.21"]
[Round "3"]
[White "Santos, Dwlyan da Silva"]
[Black "Brito, Luismar Jorge"]
[Result "1/2-1/2"]
[WhiteElo "1793"]
[BlackElo "2227"]
[PlyCount "42"]
[EventDate "2020.01.20"]
[EventType "swiss"]
[EventRounds "10"]
[EventCountry "BRA"]
[SourceTitle "CBM 194 Extra"]
[Source "ChessBase"]
[SourceDate "2020.03.31"]
[SourceVersion "1"]
[SourceVersionDate "2020.03.31"]
[SourceQuality "1"]

1. e4 b6 2. d4 Bb7 3. Nc3 e6 4. a3 Nf6 5. Bd3 c5 6. Nf3 c4 7. Bxc4 Nxe4 8. Nxe4 Bxe4 9. Qe2 Bb7 10. d5 Be7 11. dxe6 dxe6 12. Bf4 0-0 13. Be5 Qc8 14. 0-0-0 Ba6 15. Bxa6 Nxa6 16. Bd6 Bxd6 17. Rxd6 Qb7 18. Rhd1 Rac8 19. Kb1 Nc5 20. R6d4 Qe7 21. Qd2 f5 1/2-1/2

[Event "Florianopolis op 5th"]
[Site "Florianopolis"]
[Date "2019.01.27"]
[Round "10"]
[White "Santos, Dwlyan da Silva"]
[Black "De Borba, Gabriel"]
[Result "1/2-1/2"]
[WhiteElo "1846"]
[BlackElo "2030"]
[PlyCount "81"]
[EventDate "2019.01.21"]
[EventType "swiss"]
[EventRounds "10"]
[EventCountry "BRA"]
[SourceTitle "EXT 2020"]
[Source "ChessBase"]
[SourceDate "2019.10.17"]
[SourceVersion "1"]
[SourceVersionDate "2019.10.17"]
[SourceQuality "1"]

1. e4 c5 2. Nf3 e6 3. d4 cxd4 4. Nxd4 Nf6 5. Nc3 d6 6. Be3 Be7 7. Bd3 0-0 8. 0-0 Nc6 9. Qe2 Bd7 10. Kh1 Re8 11. f4 e5 12. fxe5 dxe5 13. Nf5 Bxf5 14. Rxf5 Nd4 15. Bxd4 exd4 16. Nd5 Nxd5 17. Rxd5 Qb6 18. b3 Bf6 19. Rf1 Rad8 20. Rxd8 Qxd8 21. a4 Be5 22. Bc4 Re7 23. Qf3 Qc7 24. h3 Bf6 25. Bd3 Re5 26. Qf4 a6 27. Bc4 Qe7 28. Bd3 Qe8 29. Qf2 Rg5 30. Qf4 h6 31. Qf3 Qe5 32. Qf4 Qe8 33. Qf3 b5 34. axb5 axb5 35. Rf2 Be5 36. Qe2 b4 37. Bc4 Bf6 38. Qf3 Qe5 39. Qf4 Qxf4 40. Rxf4 Kf8 41. Rf5 1/2-1/2

[Event "Florianopolis op 5th"]
[Site "Florianopolis"]
[Date "2019.01.26"]
[Round "9"]
[White "Lukachewski Junior, Wanderlei"]
[Black "Santos, Dwlyan da Silva"]
[Result "1/2-1/2"]
[WhiteElo "2046"]
[BlackElo "1846"]
[PlyCount "45"]
[EventDate "2019.01.21"]
[EventType "swiss"]
[EventRounds "10"]
[EventCountry "BRA"]
[SourceTitle "CBM 188 Extra"]
[Source "ChessBase"]
[SourceDate "2019.02.26"]
[SourceVersion "1"]
[SourceVersionDate "2019.02.26"]
[SourceQuality "1"]

1. d4 d5 2. c4 e6 3. Nc3 Nf6 4. Nf3 Be7 5. Bg5 h6 6. Bxf6 Bxf6 7. cxd5 exd5 8. e3 0-0 9. Bd3 c5 10. dxc5 Bxc3+ 11. bxc3 Qa5 12. Qb3 Qxc5 13. 0-0 b6 14. Rac1 Bb7 15. Qb4 Na6 16. Qg4 Qe7 17. Qf5 g6 18. Qh3 h5 19. Rfd1 Nc5 20. Bb1 Rac8 21. c4 dxc4 22. Rxc4 Rfd8 23. Rcd4 1/2-1/2

[Event "Florianopolis op 5th"]
[Site "Florianopolis"]
[Date "2019.01.25"]
[Round "7"]
[White "Bonvini, Adriana Tonhati"]
[Black "Santos, Dwlyan da Silva"]
[Result "0-1"]
[WhiteElo "1636"]
[BlackElo "1846"]
[PlyCount "70"]
[EventDate "2019.01.21"]
[EventType "swiss"]
[EventRounds "10"]
[EventCountry "BRA"]
[SourceTitle "CBM 188 Extra"]
[Source "ChessBase"]
[SourceDate "2019.02.26"]
[SourceVersion "1"]
[SourceVersionDate "2019.02.26"]
[SourceQuality "1"]

1. e4 c5 2. c3 Nf6 3. e5 Nd5 4. Nf3 e6 5. d4 cxd4 6. cxd4 d6 7. Bc4 Be7 8. 0-0 0-0 9. Nc3 Nxc3 10. bxc3 b6 11. Qe2 Bb7 12. Bf4 Nc6 13. Rfd1 Na5 14. Bd3 Rc8 15. Rac1 Qc7 16. Ng5 g6 17. Ne4 Bxe4 18. Bxe4 Nc4 19. Bh6 Rfd8 20. exd6 Bxd6 21. g3 Bf8 22. Bf4 Bd6 23. Bg5 Re8 24. Qf1 Bf8 25. Bf6 b5 26. Qg2 Be7 27. Bxe7 Rxe7 28. h4 Qa5 29. Qf3 Qa3 30. Rc2 Rec7 31. Bb7 Rb8 32. Bc6 Qd6 33. d5 Ne5 34. Qf4 Rxc6 35. Re1 Nd3 0-1

[Event "Florianopolis op 5th"]
[Site "Florianopolis"]
[Date "2019.01.24"]
[Round "5"]
[White "Pereira Fo, Hildebrando Apolon"]
[Black "Santos, Dwlyan da Silva"]
[Result "1/2-1/2"]
[WhiteElo "1595"]
[BlackElo "1846"]
[PlyCount "75"]
[EventDate "2019.01.21"]
[EventType "swiss"]
[EventRounds "10"]
[EventCountry "BRA"]
[SourceTitle "CBM 188 Extra"]
[Source "ChessBase"]
[SourceDate "2019.02.26"]
[SourceVersion "1"]
[SourceVersionDate "2019.02.26"]
[SourceQuality "1"]

1. c4 e5 2. Nc3 Nf6 3. d3 d5 4. cxd5 Nxd5 5. Nf3 Nc6 6. g3 Be6 7. Bg2 Nb6 8. 0-0 Bd6 9. Ng5 Bd7 10. Nb5 0-0 11. Nxd6 cxd6 12. Ne4 Qe7 13. a3 d5 14. Nc3 d4 15. Ne4 f5 16. Bg5 Qf7 17. Nc5 h6 18. Bd2 Be6 19. Rc1 Bd5 20. e4 dxe3 21. fxe3 Bxg2 22. Kxg2 Rad8 23. Qe2 Nd5 24. Rf2 Rd6 25. e4 Nd4 26. Qf1 Nf6 27. h3 b6 28. Na4 Qd7 29. Bb4 fxe4 30. dxe4 Rc6 31. Bxf8 Rxc1 32. Qxc1 Qxa4 33. Bd6 Nxe4 34. Qc8+ Kh7 35. Bxe5 Nxf2 36. Bxd4 Qxd4 37. Qf5+ Kg8 38. Qxf2 1/2-1/2

[Event "Florianopolis op 5th"]
[Site "Florianopolis"]
[Date "2019.01.22"]
[Round "2"]
[White "Santos, Dwlyan da Silva"]
[Black "Lima, Aine Carolina"]
[Result "1/2-1/2"]
[WhiteElo "1846"]
[BlackElo "1502"]
[PlyCount "112"]
[EventDate "2019.01.21"]
[EventType "swiss"]
[EventRounds "10"]
[EventCountry "BRA"]
[SourceTitle "CBM 188 Extra"]
[Source "ChessBase"]
[SourceDate "2019.02.26"]
[SourceVersion "1"]
[SourceVersionDate "2019.02.26"]
[SourceQuality "1"]

1. e4 c5 2. Nf3 d6 3. d4 cxd4 4. Nxd4 Nf6 5. Nc3 g6 6. f3 Bg7 7. Be3 h5 8. h4 a6 9. Qd2 b5 10. a3 Nbd7 11. Bd3 Bb7 12. Nb3 Rc8 13. Qf2 Ne5 14. 0-0 0-0 15. Rfd1 Nfd7 16. Bf1 Nc4 17. Bxc4 Rxc4 18. Bd4 Qc7 19. Bxg7 Kxg7 20. Nd2 Rc5 21. Nf1 Rc8 22. Ne3 Nf6 23. Rd2 Rxc3 24. bxc3 Qxc3 25. Rdd1 d5 26. exd5 Nxd5 27. Nxd5 Bxd5 28. Qd4+ Qxd4+ 29. Rxd4 Be6 30. Rc1 Kf6 31. Kf2 Rc3 32. Rd3 Rc5 33. c3 Bf5 34. Rd4 Rc6 35. Ke3 e5 36. Rd8 Ke7 37. Ra8 Rd6 38. Ke2 Bd3+ 39. Ke1 Rc6 40. Rd1 Rxc3 41. Rxa6 Bc4 42. Ra7+ Kf6 43. Rd2 Kf5 44. Kf2 Kf4 45. g3+ Kf5 46. Kg2 Rc1 47. Rf2 Rd1 48. Rc2 Bf1+ 49. Kf2 Bc4 50. Rxc4 bxc4 51. Rxf7+ Ke6 52. Rc7 Rd4 53. a4 c3 54. Rxc3 Rxa4 55. Ke3 Kf5 56. Rb3 Rc4 1/2-1/2

[Event "Caioba Telecom op"]
[Site "Caioba"]
[Date "2018.08.05"]
[Round "9"]
[White "Santos, Dwlyan da Silva"]
[Black "Goncalves, Mateus"]
[Result "1-0"]
[WhiteElo "1857"]
[BlackElo "1486"]
[PlyCount "69"]
[EventDate "2018.08.01"]
[EventType "swiss"]
[EventRounds "9"]
[EventCountry "BRA"]
[SourceTitle "CBM 186 Extra"]
[Source "ChessBase"]
[SourceDate "2018.08.24"]
[SourceVersion "1"]
[SourceVersionDate "2018.08.24"]
[SourceQuality "1"]

1. e4 c5 2. Nf3 d6 3. d4 cxd4 4. Nxd4 Nf6 5. Nc3 a6 6. Bg5 e6 7. Qd2 Be7 8. 0-0-0 Qc7 9. f4 Nbd7 10. Bh4 b5 11. Bd3 Bb7 12. a3 Nxe4 13. Bxe4 Bxh4 14. Ndxb5 axb5 15. Nxb5 Qb6 16. Nxd6+ Ke7 17. Nxf7 Nc5 18. Bxb7 Rab8 19. Nxh8 Qxb7 20. Qd6+ Ke8 21. Qxc5 Be7 22. Qd4 Bf6 23. Qa4+ Kf8 24. Qb4+ Qxb4 25. axb4 Kg8 26. Ng6 hxg6 27. c3 g5 28. g3 gxf4 29. gxf4 e5 30. fxe5 Bxe5 31. h4 Rf8 32. Rhf1 Ra8 33. Kc2 Bf6 34. h5 Bg5 35. Rd5 1-0

[Event "Brazil Foz do Iguacu op"]
[Site "Foz do Iguacu"]
[Date "2018.05.19"]
[Round "8"]
[White "Santos, Dwlyan da Silva"]
[Black "Deus Filho, Joaquim"]
[Result "1-0"]
[WhiteElo "1852"]
[BlackElo "1925"]
[PlyCount "71"]
[EventDate "2018.05.16"]
[EventType "swiss"]
[EventRounds "9"]
[EventCountry "BRA"]
[SourceTitle "EXT 2019"]
[Source "ChessBase"]
[SourceDate "2018.10.10"]
[SourceVersion "1"]
[SourceVersionDate "2018.10.10"]
[SourceQuality "1"]

1. e4 c5 2. Nf3 d6 3. d4 cxd4 4. Nxd4 Nf6 5. Nc3 g6 6. f3 Bg7 7. Be3 Nc6 8. Bc4 0-0 9. Qd2 Bd7 10. 0-0-0 Ne5 11. Bb3 Qa5 12. Bh6 Rfc8 13. Bxg7 Kxg7 14. h4 h5 15. g4 Nc4 16. Bxc4 Rxc4 17. Nb3 Qc7 18. gxh5 Nxh5 19. Nd5 Qd8 20. Kb1 a5 21. Nf4 Qh8 22. Nd5 Qd8 23. Rhg1 a4 24. Nd4 e6 25. Ne3 Rc5 26. Ng4 Qh8 27. Ne2 Ra6 28. Nf4 a3 29. b3 Kf8 30. e5 Nxf4 31. Qxf4 dxe5 32. Qb4 b6 33. Rxd7 Kg7 34. Qe1 Qc8 35. Qd2 Qh8 36. Qg5 1-0

[Event "Brazil Foz do Iguacu op"]
[Site "Foz do Iguacu"]
[Date "2018.05.18"]
[Round "5"]
[White "Gomes, Marco Tulio Caldeir"]
[Black "Santos, Dwlyan da Silva"]
[Result "0-1"]
[WhiteElo "1708"]
[BlackElo "1852"]
[PlyCount "70"]
[EventDate "2018.05.16"]
[EventType "swiss"]
[EventRounds "9"]
[EventCountry "BRA"]
[SourceTitle "CBM 184 Extra"]
[Source "ChessBase"]
[SourceDate "2018.06.28"]
[SourceVersion "1"]
[SourceVersionDate "2018.06.28"]
[SourceQuality "1"]

1. c4 e5 2. Nc3 Nf6 3. Nf3 Nc6 4. g3 d5 5. cxd5 Nxd5 6. Bg2 Be6 7. d3 g6 8. 0-0 Bc5 9. a3 Qd7 10. Qc2 Bb6 11. Na4 Bh3 12. e4 Bxg2 13. Kxg2 Nf4+ 14. Bxf4 exf4 15. Nxb6 axb6 16. Qd2 fxg3 17. fxg3 0-0-0 18. Rad1 Nd4 19. Nxd4 Qxd4 20. Qc3 c5 21. Qb3 Kc7 22. Qc2 Kb8 23. Qb3 Rd6 24. Kf3 Rhd8 25. Ke2 Rc6 26. Rc1 Qd7 27. Ke3 Rd6 28. Rfd1 f5 29. e5 Re6 30. Qc3 Qd5 31. Kf2 Rxe5 32. b4 Rde8 33. Rd2 Re3 34. bxc5 Qf3+ 35. Kg1 Re1+ 0-1

[Event "Sao Paulo op-B U2050 7th"]
[Site "Sao Paulo"]
[Date "2018.03.31"]
[Round "4"]
[White "Santos, Dwlyan da Silva"]
[Black "Jukemura, Rodrigo"]
[Result "1/2-1/2"]
[WhiteElo "1855"]
[BlackElo "2048"]
[PlyCount "61"]
[EventDate "2018.03.30"]
[EventType "swiss"]
[EventRounds "6"]
[EventCountry "BRA"]
[SourceTitle "EXT 2021"]
[Source "ChessBase"]
[SourceDate "2020.10.23"]
[SourceVersion "1"]
[SourceVersionDate "2020.10.23"]
[SourceQuality "1"]

1. e4 c5 2. Nf3 a6 3. d4 cxd4 4. Nxd4 Nf6 5. Bd3 e5 6. Nb3 d5 7. Qe2 dxe4 8. Bxe4 Nxe4 9. Qxe4 Bd6 10. 0-0 0-0 11. Rd1 Nc6 12. Nc3 Be6 13. Nc5 Qc7 14. Nxe6 fxe6 15. Qg4 Qf7 16. Be3 Rad8 17. Ne4 Be7 18. Nc5 Nd4 19. Bxd4 Rxd4 20. Ne4 Qf5 21. Rxd4 exd4 22. Qxf5 exf5 23. Ng3 g6 24. Rd1 Rc8 25. Rd2 Bg5 26. Re2 Kf7 27. h3 Kf6 28. Nf1 Kg7 29. Nh2 Rf8 30. Nf3 Bf6 31. Ne1 1/2-1/2

[Event "Brazil Pocos de Caldas op"]
[Site "Pocos de Caldas"]
[Date "2018.03.04"]
[Round "5"]
[White "Martins, Anderson"]
[Black "Santos, Dwlyan da Silva"]
[Result "1/2-1/2"]
[WhiteElo "2021"]
[BlackElo "1855"]
[PlyCount "101"]
[EventDate "2018.03.02"]
[EventType "swiss"]
[EventRounds "6"]
[EventCountry "BRA"]
[SourceTitle "CBM 183 Extra"]
[Source "ChessBase"]
[SourceDate "2018.04.19"]
[SourceVersion "1"]
[SourceVersionDate "2018.04.19"]
[SourceQuality "1"]

1. d4 d5 2. c4 e6 3. Nc3 Nf6 4. cxd5 exd5 5. Bg5 Be7 6. e3 h6 7. Bh4 0-0 8. Bd3 c6 9. Nge2 Nbd7 10. 0-0 Ne4 11. Bxe7 Qxe7 12. Qc2 Ndf6 13. a3 Re8 14. b4 Bd7 15. b5 Rac8 16. Qb2 Ng4 17. Bxe4 dxe4 18. bxc6 bxc6 19. h3 Nf6 20. Na4 Be6 21. Qc2 Bd5 22. Nc5 Nd7 23. Nxd7 Qxd7 24. Rfc1 Rb8 25. Rab1 Qd6 26. Qa4 Rxb1 27. Rxb1 Rb8 28. Rxb8+ Qxb8 29. Nc3 Qb7 30. Qb4 Qd7 31. Qb8+ Kh7 32. Na4 Qe7 33. Nc5 Bc4 34. Qb4 Bd5 35. Qb7 Qxb7 36. Nxb7 Kg6 37. Kf1 Kf6 38. Ke1 Ke7 39. Kd2 Kd7 40. Kc3 Kc7 41. Nc5 Kb6 42. Kb4 a5+ 43. Kc3 Kc7 44. Kd2 Kb6 45. h4 h5 46. g3 Kb5 47. Kc3 Kb6 48. Nd7+ Kb5 49. Nc5 Kb6 50. Nd7+ Kb5 51. Nc5 1/2-1/2

[Event "Brazil Pocos de Caldas op"]
[Site "Pocos de Caldas"]
[Date "2018.03.02"]
[Round "1"]
[White "Barbosa, Evandro Amorim"]
[Black "Santos, Dwlyan da Silva"]
[Result "1-0"]
[WhiteElo "2523"]
[BlackElo "1855"]
[PlyCount "75"]
[EventDate "2018.03.02"]
[EventType "swiss"]
[EventRounds "6"]
[EventCountry "BRA"]
[SourceTitle "CBM 183 Extra"]
[Source "ChessBase"]
[SourceDate "2018.04.19"]
[SourceVersion "1"]
[SourceVersionDate "2018.04.19"]
[SourceQuality "1"]

1. g3 Nf6 2. Bg2 e6 3. Nf3 d5 4. 0-0 Be7 5. c4 0-0 6. d4 Ne4 7. Nbd2 Nxd2 8. Bxd2 Nd7 9. Qc2 c6 10. e4 dxc4 11. Qxc4 e5 12. Be3 exd4 13. Bxd4 Nf6 14. Rfd1 Qa5 15. h3 Be6 16. Qc2 Rfd8 17. Re1 h6 18. Be3 Rd7 19. Nd4 Qc5 20. Qc3 Qxc3 21. bxc3 c5 22. Nxe6 fxe6 23. Rab1 Rc8 24. f4 b6 25. c4 Rcd8 26. e5 Ne8 27. Be4 Bf8 28. h4 g5 29. fxg5 hxg5 30. Bxg5 Be7 31. Be3 Ng7 32. Rf1 Bf8 33. Kg2 Ne8 34. h5 Bg7 35. Bf4 Rd4 36. Bg6 Nc7 37. h6 Bf8 38. Bg5 1-0

[Event "Pocos de Caldas op"]
[Site "Pocos de Caldas"]
[Date "2018.03.02"]
[Round "2"]
[White "Santos, Dwlyan da Silva"]
[Black "Laperuta, Renan Portes"]
[Result "1-0"]
[WhiteElo "1855"]
[BlackElo "1535"]
[PlyCount "97"]
[EventDate "2018.03.02"]
[EventType "swiss"]
[EventRounds "6"]
[EventCountry "BRA"]
[SourceTitle "CBM 183 Extra"]
[Source "ChessBase"]
[SourceDate "2018.04.19"]
[SourceVersion "1"]
[SourceVersionDate "2018.04.19"]
[SourceQuality "1"]

1. e4 e5 2. Nf3 Nc6 3. Bc4 Bc5 4. 0-0 Nf6 5. d3 d6 6. c3 Bb6 7. Bb3 0-0 8. Nbd2 Re8 9. Re1 Be6 10. Bc2 Qe7 11. Nf1 Rad8 12. Qe2 Nd7 13. Ng5 h6 14. Nxe6 fxe6 15. Be3 Rf8 16. Bxb6 Nxb6 17. Rad1 d5 18. a3 Qc5 19. Bb3 Rde8 20. Ng3 Rf6 21. Rf1 Qb5 22. Ba2 Kh8 23. Kh1 Ref8 24. f3 d4 25. Qc2 R8f7 26. Rf2 dxc3 27. bxc3 Qc5 28. a4 Qa3 29. Bb3 Na5 30. Rb1 c6 31. h3 Nxb3 32. Rxb3 Qxa4 33. Qb1 Qa5 34. Ra2 Na4 35. Nh5 Rg6 36. Rxb7 Rxb7 37. Qxb7 Qxc3 38. Qb1 Qd4 39. Qa1 Qxa1+ 40. Rxa1 Nc5 41. Rxa7 Nxd3 42. Kh2 Nf4 43. Ng3 c5 44. Ra3 Kg8 45. Rc3 Kf7 46. Rxc5 Kf6 47. Rc7 h5 48. h4 Nd3 49. Nxh5# 1-0

[Event "Pocos de Caldas op"]
[Site "Pocos de Caldas"]
[Date "2017.03.12"]
[Round "6"]
[White "Santos, Dwlyan da Silva"]
[Black "Savian, Fabio Jose"]
[Result "0-1"]
[WhiteElo "1928"]
[BlackElo "2017"]
[PlyCount "45"]
[EventDate "2017.03.10"]
[EventType "swiss"]
[EventRounds "6"]
[EventCountry "BRA"]
[SourceTitle "EXT 2018"]
[Source "ChessBase"]
[SourceDate "2017.10.13"]
[SourceVersion "1"]
[SourceVersionDate "2017.10.13"]
[SourceQuality "1"]

1. e4 d5 2. exd5 Qxd5 3. Nc3 Qa5 4. Bc4 Nf6 5. Qe2 c6 6. Nf3 Bf5 7. d3 Nbd7 8. Bd2 Qc7 9. h3 Bg6 10. Nh4 e6 11. Nxg6 hxg6 12. Ne4 Nxe4 13. dxe4 Bd6 14. 0-0-0 Bf4 15. g3 Bxd2+ 16. Rxd2 0-0-0 17. f4 b5 18. Bb3 Nc5 19. h4 Rxd2 20. Kxd2 Rd8+ 21. Kc1 Qa5 22. c3 Nxb3+ 23. Kc2 0-1

[Event "Sao Sebastiao do Paraiso Ferias CXSSP I"]
[Site "Sao Sebastiao do Paraiso"]
[Date "2016.07.23"]
[Round "3.3"]
[White "Cesarini da Silva, Leonardo"]
[Black "Santos, Dwlyan da Silva"]
[Result "1-0"]
[WhiteElo "1989"]
[BlackElo "1928"]
[PlyCount "105"]
[EventDate "2016.07.22"]
[EventType "swiss"]
[EventRounds "6"]
[EventCountry "BRA"]
[SourceTitle "EXT 2022"]
[Source "ChessBase"]
[SourceDate "2021.10.06"]
[SourceVersion "1"]
[SourceVersionDate "2021.10.06"]
[SourceQuality "1"]

1. d4 f5 2. Bg5 h6 3. Bh4 g5 4. e3 Nf6 5. Bg3 Bg7 6. h4 c6 7. hxg5 hxg5 8. Rxh8+ Bxh8 9. Bd3 d6 10. Nf3 g4 11. Nh4 Be6 12. c3 Ne4 13. Bxe4 fxe4 14. Nd2 d5 15. f3 exf3 16. gxf3 Qd7 17. Qc2 Bf6 18. Qg6+ Bf7 19. Qxg4 Qxg4 20. fxg4 Be6 21. Nf5 Nd7 22. Kf2 Kf7 23. Rh1 Rh8 24. Rxh8 Bxh8 25. Kf3 Bf6 26. b3 Kg6 27. e4 dxe4+ 28. Kxe4 Bd5+ 29. Kd3 Be6 30. Ke4 Bd5+ 31. Ke3 Be6 32. Ne4 Bxf5 33. gxf5+ Kxf5 34. Bc7 Ke6 35. c4 Bh4 36. a3 Bf6 37. Bg3 Kf5 38. Kd3 b6 39. b4 Ke6 40. Bf2 Kf5 41. a4 Ke6 42. b5 cxb5 43. axb5 Bg7 44. Bg3 Bh6 45. c5 bxc5 46. dxc5 Kd5 47. c6 Nb6 48. Bb8 Nc8 49. Bxa7 Nxa7 50. c7 Bf4 51. b6 Nc8 52. b7 Bxc7 53. bxc8Q 1-0

[Event "Sao Sebastiao do Paraiso Ferias CXSSP I"]
[Site "Sao Sebastiao do Paraiso"]
[Date "2016.07.23"]
[Round "4.7"]
[White "Santos, Dwlyan da Silva"]
[Black "Da Silva, Diego Nunes"]
[Result "1-0"]
[WhiteElo "1928"]
[BlackElo "1596"]
[PlyCount "121"]
[EventDate "2016.07.22"]
[EventType "swiss"]
[EventRounds "6"]
[EventCountry "BRA"]
[SourceTitle "EXT 2022"]
[Source "ChessBase"]
[SourceDate "2021.10.06"]
[SourceVersion "1"]
[SourceVersionDate "2021.10.06"]
[SourceQuality "1"]

1. e4 e6 2. d4 d5 3. e5 c5 4. c3 Nc6 5. Nf3 a6 6. Bd3 cxd4 7. cxd4 Bb4+ 8. Nc3 Qb6 9. 0-0 Bd7 10. Be3 Na7 11. Ng5 h6 12. Qh5 g6 13. Bxg6 fxg6 14. Qxg6+ Ke7 15. Qg7+ Kd8 16. Qxh8 Kc7 17. Nf7 Rf8 18. Nd6 Bxd6 19. exd6+ Qxd6 20. Bxh6 Nxh6 21. Qxh6 Qe7 22. Rfe1 Rf6 23. Qe3 Qg7 24. Qg3+ Qxg3 25. hxg3 Nc6 26. Rac1 Kd8 27. Rcd1 Be8 28. a3 Na5 29. b4 Nc4 30. a4 Nb2 31. Rd2 Nxa4 32. Nxa4 Bxa4 33. f3 Kc7 34. Kf2 Bb3 35. g4 Bc4 36. Kg3 Kd7 37. Rh1 Rf7 38. Rdd1 Kc6 39. Rh6 Re7 40. Re1 Kb5 41. Rhxe6 Rxe6 42. Rxe6 Kxb4 43. g5 Bd3 44. g6 Kc4 45. g7 Bh7 46. Rb6 Kxd4 47. Rxb7 Ke3 48. Ra7 d4 49. Rxa6 d3 50. Rd6 Ke2 51. Re6+ Kf1 52. f4 d2 53. Rd6 Ke2 54. f5 d1Q 55. Rxd1 Kxd1 56. f6 Bg8 57. Kf4 Kd2 58. Ke5 Ke3 59. g4 Kf3 60. g5 Kg4 61. g6 1-0